000
00400nam a22001697a 4500
003
MPLRDC
005
20220104123443.0
008
210129b ||||| |||| 00| 0 eng d
082
_a
996 FHS
100
_a
不详
245
_a
手指游戏
_c
260
_a
_b
国丰文化出版社
_c
1991
300
_b
平
490
_a
翻花绳游戏系列. 2
650
_a
儿童游戏
942
_c
BK
_o
996 FHS
999
_c
11540
_d
11530